Rural ventilated improved pit latrines : a field manual for Botswana

Salvato in:
Dettagli Bibliografici
Autore principale: Van Nostrand, John
Altri autori: Wilson, James G
Natura: Libro
Lingua:English
Pubblicazione: Washington, D.C. : World Bank 1983.
Serie:Technical note
Soggetti:
Tags: Aggiungi Tag
Nessun Tag, puoi essere il primo ad aggiungerne!!

MARC

LEADER 00000nam a2200000Ia 4500
003 002059
005 20221231143946.0
008 140114s1983 waua 000 ||eng d
040 |c cru CEDI 
082 |a 628.742 V26pr 
100 |a Van Nostrand, John  |9 21187 
245 |a Rural ventilated improved pit latrines : a field manual for Botswana 
260 |a  Washington, D.C. : World Bank  |c  1983. 
300 |a  61 páginas : ilustraciones, planos 
440 |a Technical note   |n 8  |9 21189 
650 |x LETRINAS - DISEÑO Y CONSTRUCCION  |9 18822 
700 |9 21188  |a Wilson, James G 
942 |2 ddc  |c BK 
999 |c 14810  |d 14810